[Event "Nanjing FIDE GP (Women)"]
[Site "Nanjing"]
[Date "2009.10.02"]
[Round "5"]
[White "Dzagnidze, Nana"]
[Black "Sebag, Marie"]
[Result "0-1"]
[WhiteElo "2535"]
[BlackElo "2519"]
[Annotator "CB"]
[PlyCount "114"]
[EventDate "2009.09.28"]
[EventType "tourn"]
[EventRounds "11"]
[EventCountry "CHN"]
[EventCategory "8"]
[SourceTitle "CBM 132 Extra"]
[Source "ChessBase"]
[SourceDate "2009.11.03"]
[SourceVersion "1"]
[SourceVersionDate "2009.11.03"]
[SourceQuality "1"]

1. d4 d5 2. c4 c6 3. Nf3 Nf6 4. Nc3 e6 5. e3 Nbd7 6. Bd3 dxc4 7. Bxc4 b5 8. Bd3
Bd6 $5 {Black choses a line very much in fashion nowadays} 9. O-O O-O 10. Qc2
Bb7 11. a3 a6 12. b4 a5 13. Rb1 axb4 14. axb4 Qe7 15. e4 e5 16. Bg5 $6 {
new move but the current main line is probably better} (16. Ne2 $1 Bxb4 17. Ng3
exd4 (17... g6 18. dxe5 Ng4 19. Bg5 Qc5 20. e6 Nde5 21. Nxe5 Nxe5 22. Bf6 Qxc2
23. Bxc2 Bd6 24. Bb3 fxe6 25. Bxe6+ {1-0 Svidler,P (2746)-Karjakin,S (2732)/
Baku AZE 2008 (40)}) 18. e5 Nxe5 19. Nxe5 c5 20. Rxb4 cxb4 21. Re1 Qe6 22. Qb1
(22. Nf5 Ne4 23. Nc6 Bxc6 24. Nxd4 b3 25. Qe2 Nc3 26. Qxe6 fxe6 27. Nxc6 {
1/2-1/2 Najer Evgeniy (RUS)-Galkin,A/Ch Russia (juniors) (under 1/2-1/2 Najer
Evgeniy (RUS)-Galkin,A/Ch Russia (juniors) (under}) 22... Rfe8 23. Qxb4 Ra1 24.
Qb2 Qd5 25. Nf3 Rxe1+ 26. Nxe1 {1/2-1/2 Eljanov,P (2720)-Gustafsson,J (2634)/
Dresden 2008 (36)}) ({Another try is to exchange immediately on e5} 16. dxe5
Nxe5 17. Nxe5 Qxe5 (17... Bxe5 18. Ne2 Rfd8 (18... Qe6 19. f4 Bc7 20. e5 Ra2
21. Bb2 Nd5 22. Bxh7+ Kh8 23. Bf5 Bb6+ 24. Kh1 Qh6 25. Be4 Ne3 26. Qb3 {
1-0 Kasparov,G (2815)-Kramnik,V (2780)/ Moscow RUS 1998 (37)}) 19. Ng3 g6 20.
Bg5 h6 21. Bxh6 Ng4 22. Bc1 Bd4 23. Be2 Nxh2 24. Rd1 Qh4 25. Rxd4 Rxd4 26. Qc5
Rd7 27. Qg5 Qh7 28. Nh5 {1-0 Pogorelov, R (2462)-Dziuba,M (2535)/Calvia 2006/
CT-2177}) 18. f4 Qd4+ 19. Kh1 Bxb4 20. Ne2 Qc5 21. e5 Qxc2 22. Bxc2 Nd5 23. Nd4
Bc5 24. Nf5 Rfd8 25. Rb3 Bc8 26. Rg3 Bxf5 27. Bxf5 {0-1 Van Wely,L (2681)
-Nielsen,P (2620)/Panormo GRE 2002 (37)}) 16... Rfe8 (16... Ra3) 17. Ne2 h6 18.
Bh4 Ra3 19. Ng3 g6 {black has actually emerged better from this opening and
white is now forced to rethink} 20. Ne2 $1 {firstly for admitting that she had
gone after a wrong idea but secondly because it is the best plan here} Rea8 $15
21. dxe5 $6 {but this gives black's pieces total activity now} Bxe5 $1 22. Nxe5
Nxe5 23. Nc3 (23. Bxf6 Qxf6 24. Nc1 {and black has big advantage here}) 23...
g5 24. Bg3 Nxd3 (24... Nh5 $5) 25. Qxd3 c5 {forcing. Both sides now play quite
accurately but white was already down to her last few minutes and had to make
something like 17 moves in 7 minutes} 26. bxc5 Bxe4 27. Qe3 Qe6 28. Rxb5 Qc4
29. Be5 Bc6 $15 30. Rb6 $2 {Diagram # a serious error by White which does not
get punished by black here} (30. Bxf6 Bxb5 31. Rc1 Ra1 32. h3 Rxc1+ 33. Qxc1
Ra6 $17) 30... Nd5 $6 (30... Ng4 31. Qd4 Nxe5 32. Qxe5 (32. Qxc4 Nxc4 33. Rxc6
Rxc3 34. Rxh6 $19) 32... Rxc3 $1 $19 33. Rxc6 Rc1) 31. Qe4 Qxe4 32. Nxe4 Nxb6
33. Nf6+ Kf8 34. cxb6 Rb3 35. Bd4 $6 (35. Bc7 $1 $11 {was the best move here}
Ra2 36. h3 Rbb2 37. Rc1 $5) 35... Rd8 36. Be3 Kg7 37. Nh5+ Kg6 38. Ng3 f5 39.
Bc5 Rd5 40. Rc1 Rxc5 $19 {time control reached but too late to get the extra
time on the clock as the position is now lost. Kudos to white for resisting so
much further here} 41. Rxc5 Rb1+ 42. Nf1 Bb5 43. h4 (43. h3 Bxf1 44. Rc6+ Kh5
45. Kh2 Rb2 $1 46. Kg1 Ba6 $19) 43... Bxf1 44. hxg5 Kxg5 45. f3 Bd3+ 46. Kf2
Rxb6 {the rest is relatively easy but of course both players still had to
manager their habitual time trouble} 47. Ke3 Rb3 48. Rc7 f4+ 49. Kd2 Bf1 50.
Rg7+ Kf6 51. Rg4 Kf5 52. Ke1 Bxg2 $1 {making it simple} 53. Rxg2 Rb1+ 54. Kf2
Rb2+ 55. Kf1 Rxg2 56. Kxg2 Ke5 57. Kh3 Kd4 0-1

[Event "Moscow op"]
[Site "Moscow"]
[Date "1995.??.??"]
[Round "6"]
[White "Vaulin, Alexander"]
[Black "Guliev, Sarhan"]
[Result "1-0"]
[WhiteElo "2510"]
[BlackElo "2470"]
[Annotator "Chekhov,V"]
[PlyCount "69"]
[EventDate "1995.??.??"]
[EventType "swiss"]
[EventRounds "9"]
[EventCountry "RUS"]
[SourceTitle "EXT 2000"]
[Source "ChessBase"]
[SourceDate "1999.11.16"]
[SourceVersion "1"]
[SourceVersionDate "1999.11.16"]
[SourceQuality "1"]

1. c4 c6 2. Nf3 d5 3. d4 Nf6 4. Nc3 e6 5. e3 Nbd7 6. Bd3 dxc4 7. Bxc4 b5 8. Be2
a6 (8... b4 9. Na4 Qa5 $1 10. O-O Ba6 11. Bxa6 Qxa6 12. a3 Qb5 13. axb4 Bxb4
14. Bd2 a5 15. Nc3 Qb7 16. Ne5 c5 17. dxc5 {Gleizerov,E-Burmakin,V/
St-Peterburg/1994/0,5/17/}) 9. e4 b4 10. e5 bxc3 11. exf6 Nxf6 12. bxc3 c5 $6 {
N/} (12... Bd6 $5 13. O-O (13. Nd2 O-O 14. Bf3 Qc7 15. Nc4 Be7 16. Bg5 Nd5 17.
Bxe7 Qxe7 18. Qd2 Rb8 19. O-O c5 20. Bxd5 exd5 21. Rfe1 Be6 22. Ne5 Rfc8 $11 {
Ehlvest,J-Lesiege,A/New York/1993/}) 13... O-O 14. c4 c5 15. Ba3 Qa5 $1 16.
Bxc5 Bxc5 17. dxc5 Rd8 18. Qb3 Qxc5 $15 {Seirawan,Y-Kramnik,V/Manila(ol)/1992/}
) 13. Ne5 Bb7 (13... Bd6 14. Bf3) 14. Qa4+ Nd7 15. d5 $1 (15. O-O Bd6) 15...
Bxd5 (15... exd5 16. Bg4 Bc8 17. O-O $40) 16. c4 $1 Bxg2 17. Rg1 Be4 18. Bg5 f6
(18... Be7 19. Rd1 Ra7 20. Bxe7 Qxe7 21. Rxg7 Bg6 (21... Rf8 22. Bh5) 22. Nc6
$18) 19. O-O-O Ra7 20. Rxd7 Rxd7 21. Rd1 Qc8 (21... fxg5 22. Rxd7 $18) 22. Bh5+
$1 (22. Nxd7 Bc6) (22. Rxd7 Bc6 $1) 22... g6 (22... Bg6 23. Bxg6+ hxg6 24. Rxd7
$18) 23. Nxd7 Bc6 (23... fxg5 24. Ne5+ Ke7 25. Rd7+ Kf6 26. Ng4+ Kf5 27. Rf7#)
24. Nxf6+ Kf7 25. Qb3 $18 h6 (25... gxh5 26. Qh3 $18) 26. Bxg6+ Kxg6 27. Bh4
Kf7 28. Qg3 h5 29. Rg1 Bh6+ 30. f4 Qc7 31. Qg6+ Kf8 32. Nd7+ Qxd7 33. Qf6+ Ke8
34. Qxh8+ Bf8 35. Rd1 1-0

[Event "Vladivostok"]
[Site "Vladivostok"]
[Date "1994.??.??"]
[Round "8"]
[White "Zaiatz, Elena"]
[Black "Sveshnikov, Evgeny"]
[Result "1/2-1/2"]
[WhiteElo "2325"]
[BlackElo "2585"]
[Annotator "Chekhov,V"]
[PlyCount "76"]
[EventDate "1994.??.??"]
[EventType "swiss"]
[EventRounds "9"]
[EventCountry "RUS"]
[SourceTitle "CBM 043 Extra"]
[Source "ChessBase"]
[SourceDate "1995.01.01"]
[SourceVersion "1"]
[SourceVersionDate "1995.01.01"]
[SourceQuality "1"]

1. d4 d5 2. c4 e6 3. Nc3 Nf6 4. Nf3 c6 5. e3 Nbd7 6. Bd3 dxc4 7. Bxc4 b5 8. Bd3
b4 9. Ne4 (9. Na4 c5 10. Nxc5 Nxc5 11. dxc5 Bxc5 12. Qc2 (12. O-O $5) 12... Qb6
13. Nd2 Bb7 14. Nc4 Qc7 $132 {Bareev,E-Sveshnikov,E/URS/1992/}) 9... Nxe4 $5 (
9... c5 10. Nxf6+ gxf6 $5 11. O-O cxd4 12. Nxd4 Qb6 13. a4 a5 14. Bb5 Bb7 $1 {
Dreev,A-Sveshnikov,E/RUS/1992/0:1/29/}) 10. Bxe4 Qb6 11. O-O $5 (11. Qc2 Bb7
12. Bxh7 Rc8 13. Be4 Ba6 (13... Nf6 $1 14. Nd2 Ba6) 14. Bd3 c5 15. Bxa6 Qxa6
16. Qe2 $16 {Karasev,V-Sveshnikov,E/URS/1975/}) 11... Ba6 12. Re1 Rc8 13. a3 $1
bxa3 14. bxa3 Be7 (14... c5 15. Rb1 Qc7 16. Qa4 $36) 15. Bd2 O-O 16. Rb1 Qc7
17. Qa4 Bb5 18. Qc2 Nf6 19. Bb4 (19. Bd3 $5 Bxd3 20. Qxd3 c5 21. Qa6 $14) 19...
c5 20. Bxc5 Bxc5 21. Rxb5 Bxa3 22. Qxc7 Rxc7 23. Bd3 a5 $1 24. g3 (24. Ne5 $5)
24... Ra8 25. Ra1 Rc1+ 26. Rxc1 Bxc1 27. Bc2 h6 28. Ne5 Bd2 (28... a4 $2 29.
Rb1 Bd2 30. Nc4 Bc3 31. Nb6) 29. Rb7 Nd5 (29... a4 30. Nc4 Bc3 31. Nb6) 30.
Nxf7 a4 31. Nd8 Rxd8 32. Bxa4 Rc8 $6 (32... Ba5 $1) 33. Bb3 Nc7 34. Rb6 $1 Re8
35. Rb7 $10 Ba5 36. Ra7 Bb6 37. Rb7 Ba5 38. Ra7 Bb6 1/2-1/2

[Event "Nikolaev zt"]
[Site "Nikolaev"]
[Date "1993.??.??"]
[Round "?"]
[White "Aleksandrov, Aleksej"]
[Black "Savchenko, Stanislav"]
[Result "1-0"]
[WhiteElo "2530"]
[BlackElo "2535"]
[Annotator "Chekhov,V"]
[PlyCount "89"]
[EventDate "1993.03.??"]
[EventType "swiss"]
[EventRounds "11"]
[EventCountry "RUS"]
[SourceTitle "CBM 035"]
[Source "ChessBase"]
[SourceDate "1993.08.01"]
[SourceVersion "1"]
[SourceVersionDate "1993.08.01"]
[SourceQuality "1"]

1. d4 d5 2. c4 c6 3. Nc3 Nf6 4. e3 e6 5. Nf3 Nbd7 6. Bd3 dxc4 7. Bxc4 b5 8. Be2
Bb7 9. O-O Be7 (9... a6) (9... b4) 10. e4 b4 11. e5 Nd5 (11... bxc3 12. exf6
Bxf6 (12... Nxf6 13. bxc3 O-O 14. Rb1 Qc7 (14... Qc8 15. Qb3 Ba6 16. Bxa6 Qxa6
17. Ne5 Bd6 18. Qc4 Qxc4 19. Nxc4 $14 {Bareev-Novikov/Lvov zt/1990/}) 15. Bf4
Qxf4 16. Rxb7 Nd5 $146 (16... Bd6 17. g3 Qf5 18. Bd3 Qa5 19. Nd2 Rfb8 20. Nc4
$14 {Polgar,Zs-Novikov/Pamplona/1990/}) 17. g3 Qd6 18. c4 Nc3 19. Qc2 Nxe2+ 20.
Qxe2 Bf6 $10 {Lobron-Gelfand/Wijk aan Zee/1993/}) 13. bxc3 O-O (13... c5 14.
dxc5 O-O 15. Ba3 Be7 16. Qd4 Bd5 17. c4 Bc6 18. Rab1 $16 {Seirawan-Petursson/
New York/1987/}) 14. Rb1 Qc8 15. Qb3 Ba6 16. Bxa6 Qxa6 17. Qa3 Qxa3 18. Bxa3
$14 {Stohl-Akopian/Chalkidiki/1992/}) 12. Ne4 (12. Nxd5 $5 cxd5 13. Bd3 O-O 14.
Qc2 h6 15. Bf4 Qb6 16. Qe2 Rfc8 17. h4 a5 18. Rac1 $16 {Groszpeter-Hougli/
Haifa/1989/}) 12... h6 $5 $146 (12... O-O 13. Qc2 (13. Bg5 Bxg5 14. Nexg5 h6
15. Ne4 c5 16. dxc5 Nf4 17. Nd6 Nxc5 $10) (13. Bd3 Rc8 $1 14. Qe2 c5 15. dxc5
Bxc5 16. Nxc5 Rxc5 17. Qe4 g6 18. Bg5 Qc7 $10) 13... c5 14. dxc5 Rc8 15. Bg5 h6
16. Bxe7 Qxe7 17. Bb5 Nxc5 18. Nd6 Rc7 19. Nxb7 Nxb7 $10 {Schvjorstov-Ivanov,O/
SSSR/1992/}) 13. Bd2 c5 (13... O-O 14. Rc1 c5 (14... Rc8 15. Nc5) 15. dxc5 Rc8
16. Nd6 $16) 14. Bb5 cxd4 (14... O-O 15. Bxd7 Qxd7 16. Nxc5 Bxc5 17. dxc5 $16)
15. Nxd4 Qb6 $5 (15... O-O 16. Nc6 Bxc6 17. Bxc6 Rc8 18. Bxd5 exd5 19. Nd6 Bxd6
20. exd6 Qb6 21. Bf4 $14) 16. Bxd7+ Kxd7 17. Nb3 {/\ Be3, Nec5} Rhc8 18. Qg4 f5
$6 (18... Bf8 19. Rad1 Ke8 $13) 19. exf6 gxf6 20. Qd1 $1 (20. Qh5 f5 21. Ng3
Rg8 $13) 20... f5 21. Be3 Qb5 22. Ng3 Bd6 (22... Rg8 23. Rc1 Rac8 24. Qd4 $16)
23. Qh5 $16 Nxe3 24. Qf7+ Be7 25. fxe3 Rf8 (25... Bd5 26. Nd4 Qa5 27. Rad1 $16)
26. Qg7 (26. Qxe6+ $5 Kxe6 27. Nd4+ Ke5 28. Nxb5) 26... Rg8 27. Qxh6 $6 (27.
Rad1+ Bd5 28. Qxh6 $16) 27... Qe5 $1 28. Rad1+ Bd5 29. Qf4 Qxf4 30. exf4 a5 (
30... Raf8 31. Rfe1 Rg4 32. Nd4 Bc5 $44) 31. Rfe1 Rg4 $2 (31... a4 32. Nc1 (32.
Nd4 Bc5) 32... Bd6 33. Nd3 Rg4 $44) 32. Nxf5 $1 Rxg2+ 33. Kf1 Rag8 34. Rxd5+ $1
exd5 35. Rxe7+ $18 Kc6 (35... Kc8 36. Nc5 R2g6 37. Ne6 $18) 36. Re6+ Kc7 37.
Re7+ Kc6 38. Nbd4+ Kc5 39. Rc7+ Kb6 40. Rc6+ Ka7 41. Nd6 $1 Rxb2 42. N4b5+ Ka8
43. Ra6+ Kb8 44. Rb6+ Ka8 45. Nc7+ (45. Nc7+ Ka7 46. Rb7#) 1-0

[Event "Yerevan op"]
[Site "Yerevan"]
[Date "1996.??.??"]
[Round "7"]
[White "Yakovich, Yuri"]
[Black "Sveshnikov, Evgeny"]
[Result "1-0"]
[WhiteElo "2540"]
[BlackElo "2565"]
[Annotator "Chekhov,V"]
[PlyCount "111"]
[EventDate "1996.??.??"]
[EventType "swiss"]
[EventRounds "11"]
[EventCountry "ARM"]
[SourceTitle "CBM 052 Extra"]
[Source "ChessBase"]
[SourceDate "1996.07.01"]
[SourceVersion "1"]
[SourceVersionDate "1996.07.01"]
[SourceQuality "1"]

1. d4 d5 2. c4 c6 3. Nc3 Nf6 4. e3 e6 5. Nf3 Nbd7 6. Bd3 dxc4 7. Bxc4 b5 8. Bd3
b4 $6 (8... a6 $5) (8... Bb7 $5) 9. Ne4 Nxe4 (9... Be7 10. Nxf6+ Nxf6 11. O-O
O-O 12. Qe2 Bb7 13. e4 c5 14. dxc5 Nd7 15. c6 $1 Bxc6 16. Be3 $36) 10. Bxe4 Qb6
11. Qa4 Bb7 12. Nd2 (12. O-O Rc8 13. a3 Ba6 14. Re1 Bb5 15. Qc2 Nf6 16. Bd3
Bxd3 17. Qxd3 c5 18. axb4 cxd4 $6 (18... cxb4 19. e4 $36) 19. b5 $1 $16 {
Podgaets,M-Karasev,V/URS/1979/1|0/30/}) 12... Rc8 13. a3 c5 $5 {N/} (13... bxa3
14. Nc4 (14. b4 $5 Bxb4 15. Bxa3 c5 16. Bxb4 cxb4 17. O-O Ke7 18. Bxb7 Qxb7 19.
Qxa7 $14 {Ogaard,L-Sveshnikov,E/Bucharest/1976/0,5/21/}) 14... Qa6 15. Qb3 Qb5
16. Qxb5 cxb5 17. Bxb7 Rc7 18. Nxa3 Rxb7 19. Bd2 $14 {Portisch,L-Ree,H/Wijk
aan Zee/1975/1|0/40/}) 14. dxc5 (14. axb4 cxd4 $1 15. exd4 Bxb4 $36) 14... Bxc5
15. axb4 (15. O-O $5 bxa3 16. bxa3 Bxe4 17. Nxe4 Qc6 18. Qxc6 Rxc6 19. Bb2 O-O
20. Rac1 Rfc8 21. Rfd1 Nf8 $14) 15... Bxb4 16. O-O Rc7 $1 17. Bxb7 $6 (17. Qxa7
$5 Bxe4 (17... Bxd2 18. Bxb7 $22 Bxc1 19. Qa8+) 18. Qxb6 Nxb6 19. Nxe4 Ke7 $44)
17... Qxb7 18. Nb3 O-O 19. Rd1 Rb8 $15 20. Bd2 h6 (20... Bxd2 21. Nxd2 $22 Qxb2
22. Rab1 Qf6 23. Rxb8+ Nxb8 24. Qe8#) 21. Na5 Qb5 22. h3 Bxd2 23. Qxb5 (23.
Rxd2 Qxa4 24. Rxa4 Rc1+ 25. Kh2 Nc5 $36) 23... Rxb5 24. Rxd2 Nf6 25. Ra4 Nd5 (
25... Kf8 $5) 26. Nc4 Kf8 27. Kf1 Ke7 28. Ke2 f6 29. g3 Rbc5 (29... g5 $5) 30.
Na3 Rb7 (30... g5 $5) 31. Rc4 Rbc7 32. Rxc5 (32. Rdc2 Rxc4 33. Rxc4 Rb7 34. Rc2
e5 $15) 32... Rxc5 33. Nc2 a5 (33... e5 34. e4 Nc7 35. Ne3 g6) 34. h4 g5 35.
hxg5 hxg5 36. e4 Nc7 37. Ne3 Nb5 38. Kd1 $6 (38. f4 $5) 38... Nd6 39. Rd4 (39.
f3 Nc4 40. Nxc4 Rxc4 41. Rc2 Rb4 $15) 39... Re5 40. f3 f5 $4 {T/[#]} (40... Nf5
41. Nxf5+ exf5 42. Kd2 fxe4 43. fxe4 $10) 41. Rxd6 $1 $18 fxe4 (41... Kxd6 42.
Nc4+ Kc5 43. Nxe5 fxe4 44. fxe4 Kd4 45. Nf7 $18) 42. fxe4 Rxe4 (42... Kxd6 43.
Nc4+ $18) 43. Rd3 Kf6 44. Kd2 Rb4 45. Kc3 Ke5 46. Nc4+ Ke4 47. Re3+ Kf5 (47...
Kd5 48. Re5+ Kc6 49. Nxa5+ Kd6 50. Rxe6+ Kxe6 51. Kxb4 $18) 48. Nxa5 Rb8 49.
Nc4 Kg4 50. b4 Kh3 51. Nd6 g4 52. Ne4 (52. b5 Rb6 53. Rd3 e5 54. Kc4 $18) 52...
Kg2 53. Kc4 Rc8+ 54. Kd4 Rb8 55. Rb3 Rb5 56. Nc5 1-0

[Event "RUS-Cup2"]
[Site "Moscow"]
[Date "1996.??.??"]
[Round "9"]
[White "Aleksandrov, Aleksej"]
[Black "Dragomarezkij, Evgeni"]
[Result "1-0"]
[WhiteElo "2550"]
[BlackElo "2465"]
[Annotator "Chekhov,V"]
[PlyCount "67"]
[EventDate "1996.11.28"]
[EventType "swiss"]
[EventRounds "9"]
[EventCountry "RUS"]
[SourceTitle "CBM 056 Extra"]
[Source "ChessBase"]
[SourceDate "1997.03.01"]
[SourceVersion "1"]
[SourceVersionDate "1997.03.01"]
[SourceQuality "1"]

1. d4 d5 2. c4 c6 3. Nc3 Nf6 4. e3 e6 5. Nf3 Nbd7 6. Bd3 dxc4 7. Bxc4 c5 (7...
b5 $5) 8. O-O cxd4 9. exd4 Be7 10. Re1 O-O 11. Bb3 (11. Bg5 $5 Nb6 12. Bd3 h6
13. Bxf6 Bxf6 14. Qe2 Nd5 15. Qe4 g6 16. Nxd5 Qxd5 17. Qf4 Kg7 18. Be4 Qb5 19.
Ne5 Rd8 $13 {Lugovoi,A-Apicella,M/St-Petersburg/1996/0|1/39/}) 11... Nb6 12.
Ne5 $5 (12. Qd3 Nbd5 13. a3 Nxc3 14. bxc3 b6 15. Ne5 Bb7 16. Bg5 Nd5 17. Bc2 f5
18. Bd2 Bg5 19. c4 Nf4 20. Bxf4 Bxf4 21. Rad1 $14 {Gostisa,L-Osmanbegovic,S/
Maribor/1994/1|0/27/}) 12... Bd7 13. Qf3 Qb8 14. Qg3 (14. Bg5 $22 Rd8 15. Ne4)
14... Re8 15. Bh6 Bf8 16. Bg5 Be7 17. Re3 $16 Nfd5 (17... Nh5 $6 18. Qh4 Bxg5
19. Qxg5 g6 20. Ne4 $16) 18. Rf3 Bxg5 19. Qxg5 f6 20. Qh5 $1 (20. Nxd7 Nxd7 21.
Qh5 Nxc3 22. bxc3 Qd6 23. Re1 Nf8 $14) 20... Re7 (20... fxe5 21. Bc2 $1 Nf6 (
21... h6 22. Qf7+ Kh8 23. Qg6 Nf6 24. Rxf6 $18) 22. Rxf6 gxf6 23. Qxh7+ Kf8 24.
Bg6 Re7 25. Qh8#) 21. Rh3 h6 (21... g6 $2 22. Nxg6 hxg6 23. Qh8+ Kf7 24. Rh7#)
22. Ng6 Rf7 23. Re1 (23. Nxd5 exd5 24. Re3 $16) 23... Qc7 24. Bxd5 Nxd5 25.
Nxd5 exd5 26. Rhe3 Bc6 27. Ne7+ Kf8 28. Ng6+ Kg8 29. h4 Rd8 30. Ne7+ Kf8 31.
Ng6+ Kg8 32. Ne7+ Kf8 33. Qg6 Re8 34. Nf5 (34. Nf5 Rxe3 35. Rxe3 Bd7 (35... Kg8
36. Nxh6+ $18) 36. Qh7 Bxf5 37. Qh8#) 1-0

[Event "Interzonal-16"]
[Site "Biel"]
[Date "1993.??.??"]
[Round "12"]
[White "Granda Zuniga, Julio E"]
[Black "Akopian, Vladimir Eduardovic"]
[Result "1-0"]
[WhiteElo "2605"]
[BlackElo "2600"]
[Annotator "ChessBase"]
[PlyCount "99"]
[EventDate "1993.07.16"]
[EventType "swiss"]
[EventRounds "13"]
[EventCountry "SUI"]
[SourceTitle "CBM 037"]
[Source "ChessBase"]
[SourceDate "1993.12.01"]
[SourceVersion "1"]
[SourceVersionDate "1993.12.01"]
[SourceQuality "1"]

1. d4 d5 2. c4 c6 3. Nc3 Nf6 4. Nf3 e6 5. e3 Nbd7 6. Bd3 dxc4 7. Bxc4 b5 8. Bd3
Bb7 9. a3 b4 10. axb4 Bxb4 11. O-O c5 12. Na2 O-O $5 (12... a5) 13. Nxb4 cxb4
14. b3 Qb6 15. Bb2 Rfc8 $10 16. Nd2 a5 17. e4 Ba6 18. Nc4 Bxc4 19. bxc4 e5 20.
Re1 Rd8 21. Rc1 Qc7 22. f4 exd4 23. e5 Ne8 24. Be4 Nc5 25. Bd5 d3 26. f5 Ra6
27. e6 fxe6 28. fxe6 Qe7 29. Bd4 Nf6 30. Re5 Kh8 31. Kh1 a4 32. Bxc5 Qxc5 33.
Qxd3 Ng4 34. Rf5 Rxe6 35. Qf3 Rg6 36. Rf1 Nf6 37. Bf7 Qd4 38. Bxg6 hxg6 39. Rf4
Qe5 40. c5 Rb8 41. Qg3 Re8 42. c6 Qc5 43. c7 Kh7 44. Qh4+ Nh5 45. Rc4 Qb5 46.
Rd1 Rc8 47. Qg4 Qe8 48. Qxc8 Qxc8 49. Rd8 Qf5 50. Rc1 1-0

[Event "Interzonal-14b"]
[Site "Szirak"]
[Date "1987.??.??"]
[Round "16"]
[White "Christiansen, Larry Mark"]
[Black "Flear, Glenn C"]
[Result "1-0"]
[WhiteElo "2575"]
[BlackElo "2480"]
[Annotator "ChessBase"]
[PlyCount "49"]
[EventDate "1987.07.??"]
[EventType "tourn"]
[EventRounds "17"]
[EventCountry "HUN"]
[EventCategory "12"]
[SourceTitle "CBM 003"]
[Source "ChessBase"]
[SourceDate "1988.04.01"]
[SourceVersion "1"]
[SourceVersionDate "1988.04.01"]
[SourceQuality "1"]

1. d4 d5 2. c4 c6 3. Nc3 Nf6 4. e3 e6 5. Nf3 Nbd7 6. Bd3 dxc4 7. Bxc4 b5 8. Be2
Bb7 9. O-O a6 10. e4 c5 11. e5 Nd5 12. a4 Nxc3 (12... b4 13. Ne4 $16 {
Christiansen}) 13. bxc3 c4 14. Ng5 $5 Be7 $6 (14... h6 $4 15. Nxe6 $18) (14...
Bd5 $142 15. Bh5 g6 16. Bf3 Nb6 17. Ne4 $13 {Christiansen}) 15. Bf3 Bxf3 16.
Qxf3 O-O 17. Qg4 $16 Nb6 18. axb5 axb5 19. Rxa8 Nxa8 20. Ne4 Kh8 21. Re1 b4 22.
Re3 bxc3 23. Rh3 g6 24. Qf4 g5 25. Nf6 1-0